000 01817nam0a22003371 4500
001 rc\2673247
005 20260408055318.0
010 _dБеспл.
_9700
021 _aRU
_b1750/32 г.
035 _a(NLR Aleph) 006801772
090 _a6251248
_c6251248
100 _a20110915d1931 |||y0rusy50 ca
101 0 _arus
102 _aRU
105 _ay z |||||
200 1 _aИзучение карста на Самарской Луке применительно к разрешению проблемы Волгостроя
_e[тезисы]
_eдоклад Гидротехгеоинститута
_fдокладчик А.С. Барков
_g1-й Всес. гидрогеолог. съезд
210 _a[Ленинград]
_cГеолгиз
_d[1931]
_gтипография им. Котлякова
215 _a3 с.
_d18х13
309 _aБез тит. л. и обложки
601 0 2 _aВолгострой
_jТезисы
_xГидротехнические изыскания
_91398836
_3RU\NLR\AUTH\66275915
606 1 _aКарстовые явления
_jТезисы
_xГидрологические исследования
_91414194
_3RU\NLR\AUTH\66284545
607 _aСамарская Лука (Волга, река)
_jТезисы
_xГидротехнические изыскания
_91398840
_3RU\NLR\AUTH\66275917
702 1 _aБарков
_bА.С.
_4570
710 0 2 _aВНИИ инж.-строит. гидротехники и инж. гидрогеологии
_3RU\NLR\AUTH\883938
_9279219
712 1 2 _4570
_aВсесоюзный гидрогеологический съезд
_d1
_f1931
_eЛенинград
_3RU\NLR\AUTH\8810202561
_9293166
801 0 _aRU
_bNLR
_gpsbo
801 1 _aRU
_bELAR
_2rusmarc
801 2 _aRU
_bNLR
_c20170720
_2rusmarc
852 _aNLR
_j32-8/4541
942 _cBOOK
980 _aNB